Management Trends in Slovakia's Tax Revenue Administration and Its Process Model for Slovakia's Economic Performance

Uložené v:
Podrobná bibliografia
Hlavný autor: Dobrovič, Ján
Ďalší autori: Korauš, Antonín
Médium: Kapitola
Jazyk:English
Tagy: Pridať tag
Žiadne tagy, Buďte prvý, kto otaguje tento záznam!

MARC

LEADER 00000naa$a2200000$$$4500
001 0220564
005 20220808104529.0
041 0 |a eng 
044 |a CZ 
245 1 0 |a Management Trends in Slovakia's Tax Revenue Administration and Its Process Model for Slovakia's Economic Performance  |c Ján Dobrovič, Anton Korauš 
100 1 |a Dobrovič, Ján 
700 1 |a Korauš, Antonín